000 00614nam a2200265Ia 4500
003 OSt
005 20220912144327.0
006 a|||||r|||| 00| 0
007 ta
008 220909b |||||||| |||| 00| 0 eng d
020 _aSL01093467
024 _a188823
037 _cTextual
040 _aCSL
_beng
_cCSL
041 _aeng
082 _aY217.2, N0
100 _aKapadia K M
245 0 _aMarriage and family in India
260 _c1990
650 _a Family
650 _aMarriage
700 _aKapadia K M
942 _hY217.2, N0
_cTEXL
_2CC
999 _c4973
_d4973